[Event "The Game has begun U20 Girls"]
[Site "Khanty-Mansiysk"]
[Date "2022.12.06"]
[Round "8"]
[White "Mkrtchyan, Mariam"]
[Black "Grigorieva, Yulia"]
[Result "1-0"]
[WhiteElo "2334"]
[BlackElo "2158"]
[PlyCount "117"]
[EventDate "2022.11.29"]
[EventType "tourn"]
[EventRounds "9"]
[EventCountry "RUS"]
[SourceTitle "CBM 211 Extra"]
[Source "ChessBase"]
[SourceDate "2023.01.31"]
[SourceVersion "1"]
[SourceVersionDate "2023.01.31"]
[SourceQuality "1"]

1. Nf3 Nf6 2. g3 c5 3. c4 b6 4. Bg2 Bb7 5. 0-0 e6 6. b3 Be7 7. Bb2 d6 8. d4 cxd4 9. Qxd4 Qc7 10. Nc3 a6 11. Rfd1 Nbd7 12. Rac1 0-0 13. h3 Rfd8 14. e4 Rac8 15. Qe3 Qb8 16. Nd4 Bf8 17. g4 h6 18. Rc2 Re8 19. Re2 Qa8 20. Kh1 g5 21. Nc2 d5 22. exd5 exd5 23. Qf3 Bg7 24. Rxe8+ Rxe8 25. cxd5 Ne5 26. Qg3 Ng6 27. Ne3 Nf4 28. Bf3 Ne4 29. Nxe4 Bxb2 30. h4 Be5 31. Nc4 Ng6 32. Nxe5 Rxe5 33. hxg5 hxg5 34. Nf6+ Kg7 35. Nd7 Rxd5 36. Bxd5 Bxd5+ 37. Kg1 Qc6 38. Ne5 Qc2 39. Qd3 Qxd3 40. Rxd3 Nf4 41. Rd2 a5 42. Nc4 Bf3 43. Nxb6 Bxg4 44. Nc4 Bf3 45. Nxa5 g4 46. b4 Ne2+ 47. Kf1 Nc3 48. Rc2 Nd5 49. Rb2 f5 50. b5 Nb6 51. Rd2 f4 52. Rd6 Nd5 53. b6 g3 54. fxg3 fxg3 55. b7 Nf4 56. b8Q g2+ 57. Kf2 Nh3+ 58. Kxf3 g1Q 59. Qc7+ 1-0

[Event "The Game has begun U20 Girls"]
[Site "Khanty-Mansiysk"]
[Date "2022.12.01"]
[Round "3"]
[White "Grigorieva, Yulia"]
[Black "Zhurova, Anna"]
[Result "1/2-1/2"]
[WhiteElo "2158"]
[BlackElo "2269"]
[PlyCount "104"]
[EventDate "2022.11.29"]
[EventType "tourn"]
[EventRounds "9"]
[EventCountry "RUS"]
[SourceTitle "CBM 211 Extra"]
[Source "ChessBase"]
[SourceDate "2023.01.31"]
[SourceVersion "1"]
[SourceVersionDate "2023.01.31"]
[SourceQuality "1"]

1. d4 Nf6 2. c4 e6 3. Bf4 Bb4+ 4. Nd2 0-0 5. a3 Bxd2+ 6. Bxd2 d6 7. Nf3 Re8 8. Bg5 h6 9. Bh4 Nbd7 10. e3 e5 11. Be2 Qe7 12. 0-0 Nf8 13. Rc1 Ng6 14. dxe5 dxe5 15. Bg3 Ne4 16. Qc2 Bf5 17. Qb3 a5 18. Rfd1 Nc5 19. Qc3 a4 20. Nd2 Rad8 21. Qb4 b6 22. f3 Bd3 23. Bf1 Qg5 24. Qc3 Qxe3+ 25. Bf2 Qg5 26. Bxc5 Bxf1 27. Nxf1 bxc5 28. Ng3 Nf4 29. Qc2 Nd3 30. Rb1 Qe3+ 31. Kf1 e4 32. Nxe4 Rxe4 33. fxe4 Rd6 34. e5 Rd4 35. g3 Qf3+ 36. Kg1 Nf2 37. Qxf2 Rxd1+ 38. Rxd1 Qxd1+ 39. Kg2 Qb3 40. Qxc5 Qxb2+ 41. Kf3 Qxh2 42. Qxc7 Qh1+ 43. Ke3 Qc1+ 44. Kd4 Qxa3 45. Qc8+ Qf8 46. Qa6 Qd8+ 47. Ke4 Qd7 48. c5 Qg4+ 49. Kd5 Qd7+ 50. Kc4 Qg4+ 51. Kd5 Qd7+ 52. Kc4 Qg4+ 1/2-1/2

[Event "RUS-ch Higher League (Women) 72nd"]
[Site "Obninsk"]
[Date "2022.07.03"]
[Round "7"]
[White "Ivanova, Anastasia2222"]
[Black "Grigorieva, Yulia"]
[Result "1/2-1/2"]
[WhiteElo "1922"]
[BlackElo "2218"]
[PlyCount "91"]
[EventDate "2022.06.26"]
[EventType "swiss"]
[EventRounds "9"]
[EventCountry "RUS"]
[SourceTitle "CBM 209 Extra"]
[Source "ChessBase"]
[SourceDate "2022.09.30"]
[SourceVersion "1"]
[SourceVersionDate "2022.09.30"]
[SourceQuality "1"]

1. d4 Nf6 2. c4 e6 3. Nc3 Bb4 4. Qc2 0-0 5. a3 Bxc3+ 6. Qxc3 b6 7. Bg5 h6 8. Bh4 Bb7 9. f3 d6 10. e3 Nbd7 11. Bd3 e5 12. e4 Re8 13. Ne2 Nxe4 14. Bxd8 Nxc3 15. Bxc7 Nxe2 16. Kxe2 exd4+ 17. Kd2 Nc5 18. Rae1 d5 19. cxd5 Bxd5 20. Bc2 Rec8 21. Be5 Rd8 22. b4 Ne6 23. Bf5 b5 24. Bxe6 Bxe6 25. Re4 Rd5 26. Rhe1 a5 27. Rxd4 Rxd4+ 28. Bxd4 axb4 29. axb4 Ra2+ 30. Kc3 Rxg2 31. Rg1 Rxg1 32. Bxg1 g5 33. Kd4 Kg7 34. Ke3 Kg6 35. Kf2 h5 36. Ke2 Kf5 37. Bc5 g4 38. fxg4+ hxg4 39. Kf2 Ke5 40. Bf8 f5 41. Bc5 f4 42. Bf8 Kf6 43. Bc5 Kg5 44. Be7+ Kh5 45. Bd6 Kg5 46. Be7+ 1/2-1/2

[Event "RUS-ch Higher League (Women) 72nd"]
[Site "Obninsk"]
[Date "2022.06.29"]
[Round "4"]
[White "Grigorieva, Yulia"]
[Black "Bodnaruk, Anastasia"]
[Result "0-1"]
[WhiteElo "2218"]
[BlackElo "2390"]
[PlyCount "126"]
[EventDate "2022.06.26"]
[EventType "swiss"]
[EventRounds "9"]
[EventCountry "RUS"]
[SourceTitle "CBM 209 Extra"]
[Source "ChessBase"]
[SourceDate "2022.09.30"]
[SourceVersion "1"]
[SourceVersionDate "2022.09.30"]
[SourceQuality "1"]

1. d4 Nf6 2. c4 g6 3. Nc3 Bg7 4. e4 d6 5. Nf3 0-0 6. Be2 e5 7. 0-0 Na6 8. Be3 Ng4 9. Bg5 Qe8 10. h3 exd4 11. Nd5 f6 12. Bc1 Nh6 13. Nxd4 c6 14. Nc3 Nc5 15. Qc2 Nf7 16. Be3 Ng5 17. Bxg5 fxg5 18. Rad1 Qe7 19. Bg4 h5 20. Bxc8 Raxc8 21. f3 g4 22. b4 Bxd4+ 23. Rxd4 Ne6 24. Rd2 gxf3 25. e5 Nf4 26. g3 Qg5 27. Kh2 Ne2 28. Nxe2 fxe2 29. Rxf8+ Rxf8 30. Rxe2 Rf3 31. Rg2 dxe5 32. c5 Kg7 33. Qd1 Qf5 34. Qd6 Rf1 35. Qe7+ Kh6 36. Qe8 Qf6 37. h4 g5 38. hxg5+ Kxg5 39. Qg8+ Kh6 40. Qc4 Rf2 41. a4 Qf5 42. Qg8 Qf6 43. b5 h4 44. b6 a6 45. a5 hxg3+ 46. Qxg3 Rxg2+ 47. Kxg2 Qg5 48. Kh1 e4 49. Qd6+ Kh5 50. Qc7 Qh4+ 51. Kg2 Qg4+ 52. Kh1 e3 53. Qh7+ Kg5 54. Qg8+ Kf4 55. Qf7+ Kg3 56. Qc7+ Kf3 57. Qf7+ Kg3 58. Qc7+ Kf2 59. Qh2+ Kf3 60. Qb2 Qh4+ 61. Kg1 Qe1+ 62. Kh2 Qf2+ 63. Kh1 Qxb2 0-1

[Event "RUS-ch Higher League (Women) 72nd"]
[Site "Obninsk"]
[Date "2022.06.28"]
[Round "3"]
[White "Satanovskaia, Evgeniia"]
[Black "Grigorieva, Yulia"]
[Result "0-1"]
[WhiteElo "1837"]
[BlackElo "2218"]
[PlyCount "92"]
[EventDate "2022.06.26"]
[EventType "swiss"]
[EventRounds "9"]
[EventCountry "RUS"]
[SourceTitle "CBM 209 Extra"]
[Source "ChessBase"]
[SourceDate "2022.09.30"]
[SourceVersion "1"]
[SourceVersionDate "2022.09.30"]
[SourceQuality "1"]

1. d4 Nf6 2. c4 e6 3. Nc3 Bb4 4. e3 0-0 5. Nge2 c6 6. a3 Ba5 7. Qc2 d5 8. Ng3 Nbd7 9. Be2 dxc4 10. Bxc4 e5 11. dxe5 Nxe5 12. Be2 Bg4 13. 0-0 Bxe2 14. Ncxe2 Qd3 15. Qa4 Bb6 16. b4 a5 17. Bb2 axb4 18. Qxb4 Nd5 19. Qh4 Ng6 20. Qh3 f5 21. Rad1 Qc2 22. Bd4 Ra4 23. Rc1 Qd3 24. Rfd1 Qa6 25. Rc2 Nde7 26. Nh5 Bxd4 27. Nxd4 Rxa3 28. Nxg7 Rd3 29. Rdc1 Rxd4 30. exd4 Kxg7 31. Qb3 Qa7 32. Rb1 b5 33. Qc3 Rf6 34. g3 Nd5 35. Qd2 f4 36. h4 fxg3 37. fxg3 h5 38. Re1 Qa3 39. Kh2 Qf3 40. Ra2 b4 41. Ra7+ Rf7 42. Rea1 Ne3 43. Rxf7+ Kxf7 44. d5 Ne5 45. Kg1 Qxg3+ 46. Kh1 Qxh4+ 0-1

[Event "RUS-ch Higher League (Women) 72nd"]
[Site "Obninsk"]
[Date "2022.06.26"]
[Round "1"]
[White "Volchkova, Alena"]
[Black "Grigorieva, Yulia"]
[Result "0-1"]
[WhiteElo "1823"]
[BlackElo "2218"]
[PlyCount "52"]
[EventDate "2022.06.26"]
[EventType "swiss"]
[EventRounds "9"]
[EventCountry "RUS"]
[SourceTitle "CBM 209 Extra"]
[Source "ChessBase"]
[SourceDate "2022.09.30"]
[SourceVersion "1"]
[SourceVersionDate "2022.09.30"]
[SourceQuality "1"]

1. e4 e5 2. Nf3 Nc6 3. Bb5 a6 4. Ba4 Nf6 5. 0-0 b5 6. Bb3 Bc5 7. a4 Rb8 8. c3 d6 9. d4 Bb6 10. a5 Ba7 11. Be3 Bg4 12. Nbd2 0-0 13. dxe5 Bxe3 14. exf6 Bf4 15. fxg7 Re8 16. Qc2 Qf6 17. Qd3 Ne5 18. Nxe5 dxe5 19. Qc2 Qh6 20. h3 Bxh3 21. Nf3 Bg4 22. Rfd1 Bxf3 23. gxf3 Qh3 24. Rd3 Kxg7 25. Rad1 Kh8 26. Bxf7 Rg8+ 0-1

[Event "RUS-ch U20 Girls"]
[Site "Sochi"]
[Date "2022.04.26"]
[Round "6"]
[White "Zhapova, Yana"]
[Black "Grigorieva, Yulia"]
[Result "1/2-1/2"]
[WhiteElo "2171"]
[BlackElo "2201"]
[PlyCount "104"]
[EventDate "2022.04.21"]
[EventType "tourn"]
[EventRounds "9"]
[EventCountry "RUS"]
[SourceTitle "CBM 208 Extra"]
[Source "ChessBase"]
[SourceDate "2022.07.31"]
[SourceVersion "1"]
[SourceVersionDate "2022.07.31"]
[SourceQuality "1"]

1. e4 c5 2. Nf3 e6 3. d4 cxd4 4. Nxd4 Nf6 5. Nc3 Nc6 6. Nxc6 bxc6 7. e5 Nd5 8. Ne4 Qc7 9. f4 Qb6 10. c4 Bb4+ 11. Ke2 f5 12. exf6 Nxf6 13. Be3 Qc7 14. Nxf6+ gxf6 15. Kf2 h5 16. Qd3 Kf7 17. c5 d6 18. Rd1 Bxc5 19. Bxc5 dxc5 20. Qe4 Rb8 21. b3 Qa5 22. Qc2 c4 23. Bxc4 Qc5+ 24. Kf3 Kg7 25. Qf2 Qa5 26. Qg3+ Kf7 27. Rhe1 Rg8 28. Qf2 c5 29. Ke3 Bb7 30. g3 Rgd8 31. Qc2 Kg7 32. Rd2 Rd4 33. Red1 Rbd8 34. Qb2 Qb6 35. Rd3 Qc6 36. Kd2 e5 37. fxe5 fxe5 38. Kc1 Qe4 39. Qd2 Qf5 40. Rxd4 Rxd4 41. Qa5 Qg5+ 42. Kc2 Be4+ 43. Bd3 Qg6 44. Qc3 Bxd3+ 45. Rxd3 Qe4 46. Qd2 Kg6 47. h3 Qf5 48. Qe3 a5 49. g4 hxg4 50. hxg4 Qxg4 51. Qxe5 Qg2+ 52. Kc3 Rxd3+ 1/2-1/2

[Event "RUS-ch U20 Girls"]
[Site "Sochi"]
[Date "2022.04.21"]
[Round "1"]
[White "Getman, Tatyana"]
[Black "Grigorieva, Yulia"]
[Result "0-1"]
[WhiteElo "2159"]
[BlackElo "2201"]
[PlyCount "92"]
[EventDate "2022.04.21"]
[EventType "tourn"]
[EventRounds "9"]
[EventCountry "RUS"]
[SourceTitle "CBM 208 Extra"]
[Source "ChessBase"]
[SourceDate "2022.07.31"]
[SourceVersion "1"]
[SourceVersionDate "2022.07.31"]
[SourceQuality "1"]

1. d4 Nf6 2. c4 e6 3. Nc3 Bb4 4. e3 0-0 5. Bd2 b6 6. Nf3 Bb7 7. Bd3 d5 8. cxd5 exd5 9. 0-0 Bd6 10. Qb1 c5 11. Nb5 Be7 12. Ne5 Nc6 13. Rc1 a6 14. Nc3 Bd6 15. f4 cxd4 16. Nxc6 Bxc6 17. exd4 Re8 18. Re1 Qc7 19. Re5 Bxe5 20. fxe5 Ne4 21. Nxe4 dxe4 22. Bxe4 Bxe4 23. Qxe4 Rad8 24. Bg5 f6 25. Bh4 Qc4 26. Rd1 Rxe5 27. Qg4 Qe2 28. Qxe2 Rxe2 29. d5 Rxb2 30. Bf2 Kf7 31. h3 Rd7 32. Rd3 Rb5 33. d6 Rb1+ 34. Kh2 Rb2 35. Be3 Ke6 36. Ra3 a5 37. Bf4 g5 38. Bg3 Kf7 39. h4 h6 40. hxg5 hxg5 41. Rf3 Kg6 42. a3 a4 43. Rc3 Kf7 44. Rc4 b5 45. Rc5 Rb3 46. Kh3 Rxd6 0-1

[Event "EU-ch (Women) 21st"]
[Site "Iasi"]
[Date "2021.08.18"]
[Round "9"]
[White "Krasteva, Beloslava"]
[Black "Grigorieva, Yulia"]
[Result "0-1"]
[WhiteElo "2243"]
[BlackElo "2140"]
[PlyCount "126"]
[EventDate "2021.08.09"]
[EventType "swiss"]
[EventRounds "11"]
[EventCountry "ROU"]
[SourceTitle "CBM 203 Extra"]
[Source "ChessBase"]
[SourceDate "2021.09.30"]
[SourceVersion "1"]
[SourceVersionDate "2021.09.30"]
[SourceQuality "1"]

1. d4 Nf6 2. c4 e6 3. Nc3 Bb4 4. e3 0-0 5. Bd3 c5 6. Nge2 d5 7. cxd5 cxd4 8. exd4 Qxd5 9. 0-0 Qh5 10. Ne4 Nxe4 11. Bxe4 Nc6 12. Qd3 Rd8 13. Nf4 Qh4 14. g3 Qf6 15. Bxh7+ Kf8 16. Be4 Nxd4 17. Qc4 Be7 18. Be3 g5 19. Rad1 gxf4 20. Bxd4 e5 21. Bc3 Bg4 22. Rxd8+ Rxd8 23. Qb5 Bd6 24. Re1 b6 25. Bg2 fxg3 26. hxg3 Bc5 27. Qf1 Bd4 28. Bxd4 exd4 29. Qd3 Bf5 30. Be4 Qe5 31. Kg2 Re8 32. f3 Bg6 33. Rd1 Bxe4 34. fxe4 Qxe4+ 35. Qxe4 Rxe4 36. Kf3 Re3+ 37. Kf2 Re4 38. Rd3 Ke7 39. Ra3 a5 40. Rb3 Re6 41. Rb5 Kd7 42. Rd5+ Rd6 43. Rf5 Ke6 44. Rf3 Rc6 45. Ke1 Rc2 46. Rb3 Ke5 47. Rxb6 Ke4 48. Kd1 Rg2 49. Rb3 a4 50. Rb7 f5 51. Ra7 Ke3 52. Re7+ Kd3 53. Ke1 Rxb2 54. Rf7 Rxa2 55. Rxf5 a3 56. Ra5 Kc3 57. Rc5+ Kb4 58. Rd5 Kc4 59. Ra5 Kb3 60. g4 Rh2 61. Kf1 a2 62. Kg1 Rc2 63. g5 Rc1+ 0-1

[Event "EU-ch (Women) 21st"]
[Site "Iasi"]
[Date "2021.08.13"]
[Round "5"]
[White "Peycheva, Gergana"]
[Black "Grigorieva, Yulia"]
[Result "1/2-1/2"]
[WhiteElo "2332"]
[BlackElo "2140"]
[PlyCount "97"]
[EventDate "2021.08.09"]
[EventType "swiss"]
[EventRounds "11"]
[EventCountry "ROU"]
[SourceTitle "CBM 203 Extra"]
[Source "ChessBase"]
[SourceDate "2021.09.30"]
[SourceVersion "1"]
[SourceVersionDate "2021.09.30"]
[SourceQuality "1"]

1. d4 Nf6 2. c4 e6 3. Nf3 b6 4. a3 Bb7 5. Nc3 d5 6. cxd5 Nxd5 7. Qc2 Nxc3 8. bxc3 Be7 9. e4 0-0 10. Bd3 c5 11. 0-0 Qc7 12. Qe2 Nd7 13. a4 Rac8 14. Bd2 Rfd8 15. Rfc1 Nf8 16. a5 c4 17. axb6 axb6 18. Bc2 b5 19. h4 Ra8 20. h5 h6 21. Nh2 Bg5 22. Bxg5 hxg5 23. Ng4 f6 24. h6 Ng6 25. hxg7 Kxg7 26. g3 Rh8 27. Rxa8 Bxa8 28. Ra1 f5 29. Nh2 Qb7 30. d5 f4 31. dxe6 fxg3 32. fxg3 Qb6+ 33. Kg2 Rf8 34. Nf3 Qxe6 35. Nxg5 Qb6 36. Qd2 Ne5 37. Qd4 Qf6 38. Qe3 Kg6 39. Nh3 Ng4 40. Qf4 Qxf4 41. Nxf4+ Kf7 42. Ra7+ Kf6 43. Kf3 Ne5+ 44. Ke3 Bc6 45. Nd5+ Ke6 46. Nf4+ Kd6 47. Rg7 Ra8 48. Ne2 Ra3 49. Kd2 1/2-1/2

[Event "EU-ch (Women) 21st"]
[Site "Iasi"]
[Date "2021.08.11"]
[Round "3"]
[White "Maltsevskaya, Aleksandra"]
[Black "Grigorieva, Yulia"]
[Result "1-0"]
[WhiteElo "2409"]
[BlackElo "2140"]
[PlyCount "79"]
[EventDate "2021.08.09"]
[EventType "swiss"]
[EventRounds "11"]
[EventCountry "ROU"]
[SourceTitle "CBM 203 Extra"]
[Source "ChessBase"]
[SourceDate "2021.09.30"]
[SourceVersion "1"]
[SourceVersionDate "2021.09.30"]
[SourceQuality "1"]

1. Nf3 Nf6 2. c4 e6 3. g3 d5 4. Bg2 c6 5. b3 Be7 6. 0-0 0-0 7. Bb2 b6 8. d3 Bb7 9. Nbd2 Nbd7 10. e4 dxe4 11. dxe4 Nc5 12. e5 Ng4 13. Bd4 Nh6 14. Qc2 Nf5 15. Bc3 Qd3 16. Qb2 Rad8 17. Rfe1 Qd7 18. Re2 h5 19. Ne4 Nxe4 20. Rxe4 c5 21. Re2 h4 22. Rd2 Qc8 23. g4 Qa8 24. gxf5 Bxf3 25. f6 Bxf6 26. exf6 Qe4 27. Bxf3 Qxf3 28. h3 g5 29. Rad1 Qxd1+ 30. Rxd1 Rxd1+ 31. Kh2 Rfd8 32. Qe2 R8d3 33. Qh5 g4 34. Qxg4+ Kf8 35. Qg7+ Ke8 36. Qg8+ Kd7 37. Qxf7+ Kc6 38. Be5 Rd7 39. Qxe6+ Kb7 40. f7 1-0

[Event "RUS-ch Higher League (Women) 71st"]
[Site "Cheboksary"]
[Date "2021.06.28"]
[Round "3"]
[White "Shafigullina, Zarina"]
[Black "Grigorieva, Yulia"]
[Result "1/2-1/2"]
[WhiteElo "2244"]
[BlackElo "2143"]
[PlyCount "82"]
[EventDate "2021.06.26"]
[EventType "swiss"]
[EventRounds "9"]
[EventCountry "RUS"]
[SourceTitle "CBM 203 Extra"]
[Source "ChessBase"]
[SourceDate "2021.09.30"]
[SourceVersion "1"]
[SourceVersionDate "2021.09.30"]
[SourceQuality "1"]

1. d4 Nf6 2. c4 g6 3. g3 Bg7 4. Bg2 0-0 5. Nf3 d6 6. Nc3 Nc6 7. 0-0 e5 8. d5 Nb8 9. e4 a5 10. a3 Nbd7 11. Ne1 Nc5 12. Be3 Ng4 13. Bxc5 dxc5 14. Nd3 Qe7 15. h3 Nf6 16. f4 Ne8 17. Qc2 b6 18. Rae1 Nd6 19. b3 a4 20. bxa4 Bd7 21. Nb5 Bxb5 22. cxb5 Ra7 23. f5 g5 24. Bf3 Rfa8 25. Nb2 Bf6 26. Bd1 h6 27. Qe2 Kh7 28. Kg2 Rg8 29. Qc2 Rga8 30. Qc3 Rg8 31. Qc1 Rga8 32. Nd3 Qd7 33. Qb2 Kg7 34. Nf2 h5 35. Qe2 Rh8 36. Bc2 Kf8 37. Nd1 Ke7 38. Ne3 Raa8 39. Rb1 Ra7 40. Nd1 Raa8 41. Nf2 Ra7 1/2-1/2

[Event "Moscow op (Women) 17th"]
[Site "Moscow"]
[Date "2021.02.23"]
[Round "4"]
[White "Grigorieva, Yulia"]
[Black "Shafigullina, Zarina"]
[Result "1/2-1/2"]
[WhiteElo "2273"]
[BlackElo "2311"]
[PlyCount "99"]
[EventDate "2021.02.20"]
[EventType "swiss"]
[EventRounds "9"]
[EventCountry "RUS"]
[SourceTitle "CBM 200 Extra"]
[Source "ChessBase"]
[SourceDate "2021.03.31"]
[SourceVersion "1"]
[SourceVersionDate "2021.03.31"]
[SourceQuality "1"]

1. e4 c5 2. Nf3 d6 3. d4 cxd4 4. Nxd4 Nf6 5. Nc3 a6 6. h3 e5 7. Nde2 h5 8. Bg5 Be6 9. g3 Nbd7 10. a4 Be7 11. Bg2 Nc5 12. Qd2 Bc4 13. Rd1 Qa5 14. 0-0 Bxe2 15. Qxe2 Nxa4 16. Nxa4 Qxa4 17. Bxf6 Bxf6 18. Rxd6 Qb4 19. Rd3 Qxb2 20. Rb3 Qa2 21. Rxb7 0-0 22. Rfb1 h4 23. gxh4 Bxh4 24. Bf1 a5 25. Qg4 Bd8 26. Bd3 a4 27. Kh2 Qe6 28. Qxe6 fxe6 29. Kg3 Kh7 30. Bc4 a3 31. Bxe6 Ra6 32. Bf5+ Kh6 33. Ra1 Bb6 34. Rxb6+ Rxb6 35. Rxa3 g6 36. Bg4 Rc6 37. Ra5 Rxc2 38. f3 Re8 39. Rb5 Re7 40. Ra5 Rc6 41. Rb5 Kg7 42. h4 Kf6 43. h5 gxh5 44. Bxh5 Ra7 45. Bg4 Ra2 46. Rb8 Rcc2 47. Rf8+ Ke7 48. Rb8 Kf6 49. Rf8+ Ke7 50. Rb8 1/2-1/2

[Event "RUS-ch (Women) 70th"]
[Site "Moscow"]
[Date "2020.12.16"]
[Round "11"]
[White "Grigorieva, Yulia"]
[Black "Gunina, Valentina"]
[Result "1-0"]
[WhiteElo "2290"]
[BlackElo "2451"]
[PlyCount "69"]
[EventDate "2020.12.05"]
[EventType "tourn"]
[EventRounds "11"]
[EventCountry "RUS"]
[EventCategory "8"]
[SourceTitle "CBM 200"]
[Source "ChessBase"]
[SourceDate "2021.02.28"]
[SourceVersion "1"]
[SourceVersionDate "2021.02.28"]
[SourceQuality "1"]

1. e4 c6 2. d4 d5 3. e5 Bf5 4. Bd3 Bxd3 5. Qxd3 e6 6. Ne2 Qa5+ 7. Nd2 c5 8. c3 Qa6 9. Qf3 Nc6 10. 0-0 Nge7 11. Nb3 Nf5 12. Ng3 c4 13. Nd2 Nce7 14. Re1 Nxg3 15. fxg3 h5 16. Nf1 Ng6 17. Bg5 Be7 18. Bxe7 Nxe7 19. Ne3 Qb6 20. Rf1 Kd7 21. Rab1 Raf8 22. b3 cxb3 23. Rxb3 Qc6 24. c4 f6 25. cxd5 exd5 26. Rfb1 b6 27. Qe2 fxe5 28. dxe5 Qc5 29. Rb5 Qd4 30. Rd1 Qe4 31. Qd2 Ke8 32. Nxd5 Qa4 33. e6 Nc8 34. Nc7+ Ke7 35. Qg5+ 1-0

[Event "RUS-ch (Women) 70th"]
[Site "Moscow"]
[Date "2020.12.08"]
[Round "4"]
[White "Kosteniuk, Alexandra"]
[Black "Grigorieva, Yulia"]
[Result "1-0"]
[WhiteElo "2471"]
[BlackElo "2290"]
[PlyCount "47"]
[EventDate "2020.12.05"]
[EventType "tourn"]
[EventRounds "11"]
[EventCountry "RUS"]
[EventCategory "8"]
[SourceTitle "CBM 200"]
[Source "ChessBase"]
[SourceDate "2021.02.28"]
[SourceVersion "1"]
[SourceVersionDate "2021.02.28"]
[SourceQuality "1"]

1. e4 e5 2. Nf3 Nc6 3. Bb5 a6 4. Ba4 Nf6 5. d3 b5 6. Bb3 Bc5 7. Nc3 h6 8. Nd5 d6 9. c3 Ba7 10. a4 Be6 11. 0-0 0-0 12. Be3 Nd7 13. axb5 axb5 14. d4 Bg4 15. Qd3 Bxf3 16. gxf3 Rb8 17. Kh1 Kh8 18. Rg1 Qh4 19. Rg3 f5 20. exf5 exd4 21. f6 g5 22. Qf5 dxe3 23. Qxd7 Rg8 24. Bc2 1-0

[Event "RUS-chT (Women)"]
[Site "Sochi"]
[Date "2020.11.26"]
[Round "7.1"]
[White "Afonasieva, Anna"]
[Black "Grigorieva, Yulia"]
[Result "1-0"]
[WhiteElo "2316"]
[BlackElo "2343"]
[PlyCount "67"]
[EventDate "2020.11.19"]
[EventType "team-swiss"]
[EventRounds "9"]
[EventCountry "RUS"]
[SourceTitle "CBM 199 Extra"]
[Source "ChessBase"]
[SourceDate "2021.01.31"]
[SourceVersion "1"]
[SourceVersionDate "2021.01.31"]
[SourceQuality "1"]
[WhiteTeam "Achimgaz QNAO (W)"]
[BlackTeam "Bashkortostan Tolpar (W)"]
[WhiteTeamCountry "RUS"]
[BlackTeamCountry "RUS"]

1. d4 Nf6 2. Nf3 g6 3. g3 Bg7 4. Bg2 0-0 5. 0-0 d6 6. c4 Nc6 7. Nc3 Rb8 8. h3 Bf5 9. g4 Bd7 10. e4 e5 11. Be3 exd4 12. Nxd4 Re8 13. Qd2 Nxd4 14. Bxd4 c5 15. Be3 Bc6 16. f3 Nd7 17. Rad1 Nf8 18. Qxd6 Qb6 19. Qxc5 Qxb2 20. Nd5 Ne6 21. Qb4 Qxa2 22. Rd2 Qa6 23. f4 b5 24. f5 bxc4 25. fxe6 fxe6 26. Ne7+ Kh8 27. Qc5 Bb5 28. Rdf2 Qb6 29. Qg5 Qd6 30. Rf7 Rf8 31. Bc5 Qg3 32. Nxg6+ hxg6 33. Bxf8 Rxf8 34. Rxf8+ 1-0

[Event "RUS-chT (Women)"]
[Site "Sochi"]
[Date "2020.11.25"]
[Round "6.1"]
[White "Grigorieva, Yulia"]
[Black "Goltseva, Ekaterina"]
[Result "0-1"]
[WhiteElo "2343"]
[BlackElo "2306"]
[PlyCount "76"]
[EventDate "2020.11.19"]
[EventType "team-swiss"]
[EventRounds "9"]
[EventCountry "RUS"]
[SourceTitle "CBM 199 Extra"]
[Source "ChessBase"]
[SourceDate "2021.01.31"]
[SourceVersion "1"]
[SourceVersionDate "2021.01.31"]
[SourceQuality "1"]
[WhiteTeam "Bashkortostan Tolpar (W)"]
[BlackTeam "Nizhny Novgorod Region (W)"]
[WhiteTeamCountry "RUS"]
[BlackTeamCountry "RUS"]

1. d4 Nf6 2. c4 e6 3. Nc3 Bb4 4. e3 c5 5. Nge2 cxd4 6. exd4 0-0 7. a3 Be7 8. Nf4 d6 9. Be2 e5 10. Nfd5 Nxd5 11. Nxd5 Nc6 12. dxe5 dxe5 13. 0-0 Bc5 14. b4 Bd4 15. Ra2 Be6 16. Qb3 b5 17. Rd2 Rc8 18. Rfd1 Ne7 19. Ne3 Qc7 20. Rc2 Rfd8 21. Bb2 Nf5 22. Nxf5 Bxf5 23. c5 Bxc2 24. Qxc2 Bxb2 25. Rxd8+ Rxd8 26. Qxb2 a6 27. h3 e4 28. Qc3 h6 29. a4 bxa4 30. Bxa6 Rd1+ 31. Bf1 Qd7 32. c6 Qd3 33. Qe5 Qxf1+ 34. Kh2 Qg1+ 35. Kg3 Rd3+ 36. Kh4 Qxf2+ 37. Kh5 g6+ 38. Kg4 f5+ 0-1

[Event "RUS-chT (Women)"]
[Site "Sochi"]
[Date "2020.11.22"]
[Round "4.6"]
[White "Grigorieva, Yulia"]
[Black "Elnikova, Milena"]
[Result "1-0"]
[WhiteElo "2343"]
[BlackElo "1435"]
[PlyCount "73"]
[EventDate "2020.11.19"]
[EventType "team-swiss"]
[EventRounds "9"]
[EventCountry "RUS"]
[SourceTitle "CBM 199 Extra"]
[Source "ChessBase"]
[SourceDate "2021.01.31"]
[SourceVersion "1"]
[SourceVersionDate "2021.01.31"]
[SourceQuality "1"]
[WhiteTeam "Bashkortostan Tolpar (W)"]
[BlackTeam "Belgorodsk Region (W)"]
[WhiteTeamCountry "RUS"]
[BlackTeamCountry "RUS"]

1. d4 f5 2. e4 fxe4 3. Nc3 Nf6 4. Bg5 g6 5. Bc4 Bg7 6. Nge2 Nc6 7. 0-0 d6 8. Nf4 e5 9. Nfd5 h6 10. Bxf6 Bxf6 11. Nxe4 Bg7 12. dxe5 Nxe5 13. Bb3 c6 14. f4 Nf7 15. f5 Bxf5 16. Ne3 d5 17. Nxf5 gxf5 18. Ng3 0-0 19. Nxf5 Ng5 20. Qg4 Qf6 21. c4 Rad8 22. cxd5 cxd5 23. Rad1 Nf7 24. Bxd5 Kh8 25. Nxg7 Qxg7 26. Qxg7+ Kxg7 27. Bxb7 Rfe8 28. Bd5 Ne5 29. h3 Re7 30. b4 Red7 31. Bb3 Nd3 32. a3 Nb2 33. Rf7+ Rxf7 34. Rxd8 Rc7 35. Rd2 Rc1+ 36. Kh2 Nc4 37. Rd7+ 1-0

[Event "RUS-ch Higher League (Women) 70th"]
[Site "Sochi"]
[Date "2020.10.15"]
[Round "7"]
[White "Paramzina, Anastasya"]
[Black "Grigorieva, Yulia"]
[Result "1/2-1/2"]
[WhiteElo "2237"]
[BlackElo "2237"]
[PlyCount "119"]
[EventDate "2020.10.08"]
[EventType "swiss"]
[EventRounds "9"]
[EventCountry "RUS"]
[SourceTitle "CBM 198 Extra"]
[Source "ChessBase"]
[SourceDate "2020.11.30"]
[SourceVersion "1"]
[SourceVersionDate "2020.11.30"]
[SourceQuality "1"]

1. e4 e5 2. Nf3 Nc6 3. Bc4 Nf6 4. d3 Bc5 5. 0-0 0-0 6. h3 d5 7. exd5 Nxd5 8. Re1 Be6 9. c3 Bb6 10. Bb3 Qd7 11. Na3 Rfe8 12. Nc4 f6 13. Nxb6 Nxb6 14. Bc2 Rad8 15. Nd2 f5 16. Nf3 Bd5 17. b4 Qd6 18. a4 Nd7 19. b5 Ne7 20. c4 Bf7 21. Bb2 Ng6 22. Ng5 Nf4 23. Nxf7 Kxf7 24. Qf3 Re6 25. g3 Nxh3+ 26. Kg2 Nxf2 27. Kxf2 Rf6 28. Qd5+ Qxd5 29. cxd5 Re8 30. Bb3 Rh6 31. Rh1 Rxh1 32. Rxh1 Nc5 33. Bc4 Nxa4 34. Ba1 Kg6 35. Re1 Kf6 36. Bd4 Nb6 37. Bxb6 axb6 38. Ra1 Ke7 39. Ra7 Kd6 40. Ke3 g5 41. Ra1 f4+ 42. Kf3 h5 43. g4 h4 44. Ke4 Rf8 45. d4 exd4 46. Kxd4 f3 47. Bf1 Rf4+ 48. Ke3 Rxg4 49. Kxf3 Rf4+ 50. Ke3 Kxd5 51. Rc1 Kd6 52. Bg2 Rb4 53. Bxb7 Rxb5 54. Rc6+ Kd7 55. Kd4 Ra5 56. Rh6 Rc5 57. Bd5 c6 58. Be4 Rc1 59. Ke5 Rc5+ 60. Kd4 1/2-1/2